Top 25 Drake Songs - Statistics

General Stats
  • This quiz has been taken 161 times
  • The average score is 9 of 25
Answer Stats
# Album Score Answer % Correct
1 More Life 91 Passionfruit
78%
4 Take Care 90 Headlines
64%
21 Take Care 83 Take Care
60%
10 Take Care 87 Marvin's Room
57%
3 If You're Reading This It's Too Late 90 Jungle
53%
9 Nothing Was The Same 88 Hold On We're Going Home
47%
25 Thank Me Later 82 Over
46%
2 Nothing Was The Same 90 Pound Cake / Paris Morton Music 2
43%
5 Nothing Was The Same 89 Tuscan Leather
43%
11 If You're Reading This It's Too Late 87 Energy
36%
14 Nothing Was The Same 85 From Time
33%
20 So Far Gone 83 Best I Ever Had
32%
15 Take Care 84 Crew Love
29%
13 Nothing Was The Same 86 Furthest Thing
29%
18 Scorpion 84 Nice For What
29%
8 If You're Reading This It's Too Late 88 6PM In New York
25%
6 If You're Reading This It's Too Late 89 Know Yourself
22%
7 Take Care 88 Lord Knows
22%
17 If You're Reading This It's Too Late 84 Star67
22%
12 Nothing Was The Same 87 Too Much
22%
19 If You're Reading This It's Too Late 83 6 God
19%
23 Care Package 83 5AM in Toronto
18%
24 Take Care 82 Under Ground Kings
15%
22 If You're Reading This It's Too Late 83 No Tellin'
13%
16 Take Care 84 Buried Alive Interlude
12%
No matching quizzes found
Score Distribution
Percent of People with Each Score
Percentile by Number Answered
Your Score History
You have not taken this quiz